000 01046nam a2200193Ia 4500
003 IT-RoPAU
005 20220918175437.0
008 120407s9999 xx 000 0 und d
040 _aIT-RoPAU
_c20130627162110.0
040 _cIT-RoPAU
100 _aFornasari E. - Maselli A.
_9760
245 _aSpendi l'amore cowboy.
_bProfilo biografico di Don Salvatore John Carolla
260 _aRoma
_bTipolitografia Trullo s.r.l.
_cS.d.
300 _c21,5 cm
_a196 pp.
520 _aIndice Premessa Introduzione Anteprima virtuale - La folgorazione Cap. I - Umili origini Cap. II - La vocazione Cap. III - La maturità umanistica Cap. IV - Sorge una Basilica Cap. V - Salvatore segreto Cap. VI - Il sacerdote Cap. VII - L'educatore Cap. VIII - Il comunicatore Cap. IX - Gli anni di piombo Cap. X - Il sogno americano Cap. XI - Il maestro dei Novizi Cap. XII - L'immolazione Appendice A - Tesi di laurea Appendice B - Lettere di Don Carolla Appendice C - Articoli BIbliografia
700 _aAntonio Maselli
_9761
942 _cBK
_2ddc
999 _c11764
_d11764